Prehľad vymeriavacích základov, súm poistného a preddavkov na poistné fyzickej osoby - podnikateľa a ich účtovanie v roku 2019

Prehľad vymeriavacích základov, súm poistného a preddavkov na poistné fyzickej osoby - podnikateľa. Zjednodušené účtovné prípady účtovania zákonného sociálneho poistenia a preddavkov na zákonné zdravotné poistenie.

Uložené v:
Podrobná bibliografia
Hlavný autor: Pakšiová, Renáta, 1974-
Médium: Kapitola
Jazyk:Slovak
Predmet:
Tagy: Pridať tag
Žiadne tagy, Buďte prvý, kto otaguje tento záznam!

MARC

LEADER 00000naa a2200000 4500
001 0252887
005 20240502074046.2
041 0 |a slo 
044 |a SK 
245 1 0 |a Prehľad vymeriavacích základov, súm poistného a preddavkov na poistné fyzickej osoby - podnikateľa a ich účtovanie v roku 2019  |c Renáta Pakšiová 
520 |a Prehľad vymeriavacích základov, súm poistného a preddavkov na poistné fyzickej osoby - podnikateľa. Zjednodušené účtovné prípady účtovania zákonného sociálneho poistenia a preddavkov na zákonné zdravotné poistenie. 
610 2 0 |a poistenie sociálne 
610 2 0 |a poistenie zdravotné 
610 2 0 |a základ vymeriavací 
610 2 0 |a preddavky 
610 2 0 |a podnikatelia 
610 2 0 |a osoby fyzické 
610 2 0 |a osoby samostatne zárobkovo činné 
610 2 0 |a účtovanie 
610 2 0 |a účty 
610 2 0 |a účtovníctvo podvojné 
100 1 |a Pakšiová, Renáta, 1974-